| 000 | 00670nam a2200241Ia 4500 | ||
|---|---|---|---|
| 003 | OSt | ||
| 005 | 20221006143447.0 | ||
| 006 | a|||||r|||| 00| 0 | ||
| 007 | ta | ||
| 008 | 221006b |||||||| |||| 00| 0 eng d | ||
| 024 | _a9,028 | ||
| 037 |
_bGift, Japan Foundation _cTextual |
||
| 040 |
_aEASL _cEASL _beng |
||
| 041 |
_2eng _aeng |
||
| 082 | _aX61.42.N7, L2 | ||
| 100 | _aOECD | ||
| 245 | 0 | _aMonetary policy in Japan | |
| 260 |
_aParis _bOECD Publications France _c1972 |
||
| 300 |
_a108p. _ccm. |
||
| 490 |
_v JEL _aMonetary Studies Series |
||
| 942 |
_hX61.42.N7, L2 _cTEXL _2CC |
||
| 999 |
_c1077114 _d1077114 |
||